Oxydations et combustions
Збережено в:
| Автори: | , , , , , , , , , , |
|---|---|
| Формат: | Книга |
| Мова: | Французька |
| Опубліковано: |
París
Technip
1968
|
| Серія: | Science et Technique du Pétrole, 11
|
| Предмети: | |
| Теги: |
Додати тег
Немає тегів, Будьте першим, хто поставить тег для цього запису!
|
MARC
| LEADER | 00000nam a2200000 a 4500 | ||
|---|---|---|---|
| 001 | UCP2574 | ||
| 003 | CL-VaPUC | ||
| 008 | 990520e19680000FR |||||||||||||||||fre|d | ||
| 082 | 0 | 4 | |a 665.5 |b VAN |2 21 |
| 100 | 0 | |a Van Tiggelen, Adolphe |e author |9 429401 | |
| 700 | 0 | |a Balaceanu, Jean-claude |e author |9 429402 | |
| 700 | 0 | |a Burger, Jacques |e author |9 429403 | |
| 700 | 0 | |a Clément, Geneviève |e author |9 429404 | |
| 700 | 0 | |a De Soete, Gérard |e author |9 429405 | |
| 700 | 0 | |a Feugier, Alain |e author |9 429406 | |
| 700 | 0 | |a Karr, Claude |e author |9 429407 | |
| 700 | 0 | |a Monnot, Georges |e author |9 429408 | |
| 700 | 0 | |a Sajus, Lucien |e author |9 429409 | |
| 700 | 0 | |a Salé, Bernard |e author |9 429410 | |
| 700 | 0 | |a Van Tiggelen, Pierre J |e author |9 429411 | |
| 245 | 1 | 0 | |a Oxydations et combustions |
| 300 | |a 2 v | ||
| 942 | |c BK | ||
| 945 | |d 19990520 00:00:00 |a cmena | ||
| 260 | |a París |b Technip |c 1968 | ||
| 650 | 0 | |a Combustibles |9 271720 | |
| 650 | 7 | |a PETROLEO |2 CL-VaPUC |9 320865 | |
| 650 | 7 | |a INDUSTRIA PETROLIFERA |2 CL-VaPUC |9 364004 | |
| 650 | 7 | |a TECNOLOGIA DEL PETROLEO |2 CL-VaPUC |9 338072 | |
| 650 | 7 | |a HIDROCARBUROS |2 CL-VaPUC |9 344783 | |
| 583 | |a last modification |c 20111003 04:35:46 |k Rodrigo Vera | ||
| 490 | 0 | |a Science et Technique du Pétrole, 11 | |
| 999 | |c 281088 |d 281086 | ||